[Event "National Chess Championship 2015"]
[Site "SLIIT,Malambe"]
[Date "2015.07.10"]
[Round "7"]
[Board "7"]
[White "Subasinghe, K R V R"]
[Black "Priyankara, Chamil"]
[Result "0-1"]
[WhiteElo "1874"]
[BlackElo "2018"]
[PlyCount "84"]
[EventDate "2015.07.04"]
[EventRounds "13"]
[EventCountry "SRI"]

1. e4 c5 2. d4 cxd4 3. c3 dxc3 4. Nxc3 Nc6 5. Nf3 d6 6. Bc4 a6 7. O-O Nf6 8.
Qe2 Bg4 9. Rd1 e6 10. Bf4 Qb8 11. Rac1 Be7 12. h3 Bxf3 13. gxf3 O-O 14. Kh1 Ne5
15. Bb3 Ng6 16. Bh2 b5 17. Qe3 Rc8 18. f4 Qb7 19. f3 Rc5 20. f5 exf5 21. Bxd6
Bxd6 22. Rxd6 Qc7 23. Rcd1 f4 24. Qd2 Rf8 25. Rd8 Rh5 26. Rxf8+ Nxf8 27. Kh2
Qa7 28. Qg2 h6 29. Ne2 N8h7 30. Rc1 Qb8 31. Qg6 Ng5 32. Ng1 Kh8 33. Qf5 Nxf3+
34. Nxf3 Rxf5 35. exf5 Qb6 36. Kg2 Qe3 37. Re1 Qd3 38. Bd1 Nd5 39. Bb3 Ne3+ 40.
Kg1 Qxf5 41. Kh2 Qf6 42. Rc1 Qxb2+ 0-1

[Event "National Chess Championship 2015"]
[Site "SLIIT,Malambe"]
[Date "2015.07.10"]
[Round "8"]
[Board "1"]
[White "Galappaththi, Chinthaka Anurud"]
[Black "Priyankara, Chamil"]
[Result "1-0"]
[WhiteElo "2098"]
[BlackElo "2018"]
[PlyCount "115"]
[EventDate "2015.07.04"]
[EventRounds "13"]
[EventCountry "SRI"]

1. Nf3 Nf6 2. g3 g6 3. Bg2 Bg7 4. O-O O-O 5. d3 d6 6. e4 Bg4 7. h3 Bxf3 8. Bxf3
Qc8 9. Bg2 c5 10. c3 Nc6 11. Be3 Nd7 12. f4 b5 13. d4 cxd4 14. cxd4 e5 15. dxe5
dxe5 16. Nc3 Qb7 17. Rc1 Nb6 18. Nd5 Nc4 19. Bc5 Nxb2 20. Qb3 Nc4 21. Bxf8 N4a5
22. Qd1 Rxf8 23. f5 Nc4 24. Qg4 Re8 25. Qh4 Nd4 26. Rf2 a5 27. Rcf1 Nd6 28.
fxg6 hxg6 29. Qg4 Ne6 30. h4 Nf8 31. h5 Re6 32. Nf6+ Bxf6 33. Rxf6 Rxf6 34.
Rxf6 Qe7 35. Rf2 Kg7 36. hxg6 fxg6 37. Bh3 Nh7 38. Rd2 Ng5 39. Bg2 Ne6 40. Rd5
Nd4 41. Qh4 Qxh4 42. gxh4 Nc4 43. Kf2 Kf6 44. Bf1 Na3 45. Rd6+ Kf7 46. Bd3 Ne6
47. Ke3 Nf4 48. Rb6 Ng2+ 49. Kf2 Nxh4 50. Bxb5 Nc2 51. Bc4+ Kg7 52. Ra6 Nd4 53.
Rxa5 Nhf3 54. Rc5 Kf6 55. a4 Ke7 56. Bd5 Kd6 57. Rc3 g5 58. Rxf3 1-0

[Event "National Chess Championship 2015"]
[Site "SLIIT,Malambe"]
[Date "2015.07.10"]
[Round "8"]
[Board "2"]
[White "Herath, H M A K"]
[Black "Subasinghe, K R V R"]
[Result "1/2-1/2"]
[WhiteElo "2014"]
[BlackElo "1874"]
[PlyCount "86"]
[EventDate "2015.07.04"]
[EventRounds "13"]
[EventCountry "SRI"]

1. e4 e5 2. f4 exf4 3. Bc4 Ne7 4. Nc3 Ng6 5. Nf3 Be7 6. O-O O-O 7. d4 d6 8. Ne2
Be6 9. Qd3 Bxc4 10. Qxc4 d5 11. exd5 Nd7 12. Qb3 Bd6 13. c4 b6 14. Bd2 Re8 15.
Rae1 Nf6 16. Qd3 Ng4 17. Nc3 Bb4 18. a3 Bxc3 19. Qxc3 Qd6 20. Ne5 Rxe5 21. dxe5
Qc5+ 22. Kh1 Nf2+ 23. Rxf2 Qxf2 24. e6 fxe6 25. dxe6 Rd8 26. e7 Re8 27. Qd3 f3
28. Qd5+ Kh8 29. gxf3 Nh4 30. f4 h6 31. Rd1 Nf3 32. Qh5 Rxe7 33. Bb4 c5 34.
Rd8+ Kh7 35. Qf5+ g6 36. Rh8+ Kxh8 37. Qf8+ Kh7 38. Qxe7+ Kg8 39. Qe8+ Kg7 40.
Bc3+ Nd4 41. Qe7+ Kg8 42. Qe8+ Kg7 43. Qe7+ Kg8 1/2-1/2

[Event "National Chess Championship 2015"]
[Site "SLIIT,Malambe"]
[Date "2015.07.10"]
[Round "8"]
[Board "3"]
[White "Peiris, T S S"]
[Black "Alahakoon, Isuru"]
[Result "1-0"]
[WhiteElo "2022"]
[BlackElo "2054"]
[PlyCount "135"]
[EventDate "2015.07.04"]
[EventRounds "13"]
[EventCountry "SRI"]

1. e4 c5 2. c3 d5 3. exd5 Nf6 4. d4 Nxd5 5. Nf3 e6 6. Bd3 cxd4 7. cxd4 Bb4+ 8.
Bd2 Bxd2+ 9. Qxd2 O-O 10. O-O Nc6 11. Nc3 b6 12. Nxd5 Qxd5 13. Rfe1 Qd6 14. Be4
f5 15. Bxc6 Qxc6 16. Rac1 Qd5 17. Rc7 Rf6 18. Re5 Qd6 19. Qc3 Ba6 20. d5 Re8
21. h3 Rg6 22. Rxa7 Rc8 23. Qe3 Bc4 24. Rxe6 Rxe6 25. dxe6 Qxe6 26. Qxe6+ Bxe6
27. Nd4 Re8 28. a3 Bc8 29. Rc7 g6 30. b4 Rd8 31. Nf3 Rd1+ 32. Kh2 Be6 33. Ng5
Bd7 34. Nf3 Be6 35. Rc6 Bd5 36. Rxb6 Ra1 37. Ra6 Ra2 38. Kg3 Kg7 39. Ra7+ Kf6
40. b5 Rb2 41. a4 g5 42. Ra6+ Kg7 43. Nxg5 f4+ 44. Kxf4 Rxf2+ 45. Ke5 Bxg2 46.
Ne6+ Kf7 47. Ra7+ Kg8 48. Nf4 Bh1 49. b6 Rb2 50. a5 h5 51. Ke6 h4 52. Kf6 Be4
53. Kg5 Rb5+ 54. Kxh4 Kh8 55. Kg4 Kg8 56. h4 Kh8 57. h5 Kg8 58. h6 Kh8 59. Nh5
Rb4 60. Kg5 Rb5+ 61. Kf4 Rb4 62. Ke5 Bf3 63. Nf4 Be4 64. Kf6 Kg8 65. Ng6 Bb7
66. h7+ Kxh7 67. Rxb7+ Kh6 68. Rb8 1-0

[Event "National Chess Championship 2015"]
[Site "SLIIT,Malambe"]
[Date "2015.07.10"]
[Round "8"]
[Board "4"]
[White "Edirisinghe, Dulan"]
[Black "De Silva, Elath Mathanga"]
[Result "1-0"]
[WhiteElo "2051"]
[BlackElo "1985"]
[PlyCount "69"]
[EventDate "2015.07.04"]
[EventRounds "13"]
[EventCountry "SRI"]

1. d4 Nf6 2. c4 g6 3. Nc3 c5 4. d5 Bg7 5. Nf3 d6 6. Bg5 O-O 7. e3 e5 8. Nd2 h6
9. Bh4 g5 10. Bg3 Bf5 11. Be2 Qb6 12. e4 Bg6 13. Qb3 Qc7 14. f3 Nh5 15. Bf2 a6
16. g3 Nd7 17. h4 Nhf6 18. hxg5 hxg5 19. Be3 Nh7 20. Bf1 Rab8 21. Bh3 b5 22.
cxb5 f5 23. exf5 Bf7 24. f6 Nhxf6 25. Qc2 Rfe8 26. bxa6 Nxd5 27. Nxd5 Bxd5 28.
Qd3 Bf7 29. Bxg5 Rxb2 30. Ne4 d5 31. Bxd7 Qxd7 32. Nf6+ Bxf6 33. Qh7+ Kf8 34.
Bxf6 Be6 35. Qh6+ 1-0

[Event "National Chess Championship 2015"]
[Site "SLIIT,Malambe"]
[Date "2015.07.10"]
[Round "8"]
[Board "5"]
[White "Thilakarathne, G M H"]
[Black "Piyumantha, M Sasith Nipun"]
[Result "0-1"]
[WhiteElo "1972"]
[BlackElo "1928"]
[PlyCount "113"]
[EventDate "2015.07.04"]
[EventRounds "13"]
[EventCountry "SRI"]

1. e4 c5 2. Nf3 g6 3. d4 cxd4 4. Nxd4 Nc6 5. Nc3 Bg7 6. Be3 Nf6 7. Bc4 O-O 8.
Bb3 a5 9. O-O d6 10. Ndb5 a4 11. Nxa4 Nxe4 12. c4 Nc5 13. Nbc3 Bxc3 14. Nxc3
Be6 15. Nd5 Ne5 16. Qd4 Bxd5 17. Qxd5 Nxb3 18. axb3 Nc6 19. f4 Ra5 20. Qd2 Qa8
21. Rad1 f5 22. b4 Ra4 23. b5 Nd8 24. b3 Ra2 25. Qd5+ Nf7 26. Bd4 Qc8 27. Ra1
e6 28. Qf3 Rxa1 29. Rxa1 e5 30. Be3 e4 31. Qd1 Qe6 32. Ra7 Rb8 33. Qd4 h6 34.
Bd2 Kf8 35. Be3 Kg8 36. g3 g5 37. Qd2 g4 38. Kf2 h5 39. Bd4 h4 40. Ke3 hxg3 41.
hxg3 Qh6 42. Qg2 Nd8 43. Ra1 Ne6 44. Bc3 Kf7 45. Rh1 Qg6 46. Qa2 Nc5 47. b4 Nd7
48. c5+ Ke7 49. c6 Rc8 50. Rh8 Rxh8 51. Bxh8 Qh7 52. Bc3 Qh1 53. Qg8 Qf3+ 54.
Kd2 Qd3+ 55. Ke1 Qxc3+ 56. Kf1 Qxb4 57. Kg2 {poor recording} 0-1

[Event "National Chess Championship 2015"]
[Site "SLIIT,Malambe"]
[Date "2015.07.10"]
[Round "8"]
[Board "6"]
[White "Weerawardane, Romesh"]
[Black "Naotunna, Dineth Nimnaka"]
[Result "1-0"]
[WhiteElo "2110"]
[BlackElo "1930"]
[PlyCount "59"]
[EventDate "2015.07.04"]
[EventRounds "13"]
[EventCountry "SRI"]

1. Nf3 d5 2. d4 Bf5 3. c4 e6 4. Nc3 c6 5. e3 Nf6 6. Nh4 Bg4 7. Qb3 Qc7 8. h3
Bh5 9. g4 Bg6 10. Nxg6 hxg6 11. Bg2 Bd6 12. Bd2 Nbd7 13. f4 g5 14. c5 Be7 15.
Qd1 gxf4 16. exf4 Ne4 17. Nxe4 dxe4 18. Bxe4 Bh4+ 19. Kf1 Nf6 20. Bf3 O-O 21.
Be3 Nd5 22. Bxd5 exd5 23. Qa4 a6 24. Kg2 g5 25. Rhf1 f5 26. gxf5 gxf4 27. Bxf4
Qg7+ 28. Kh2 Rxf5 29. Qb3 Qf7 30. Be5 {poor recording} 1-0

[Event "National Chess Championship 2015"]
[Site "SLIIT,Malambe"]
[Date "2015.07.10"]
[Round "8"]
[Board "7"]
[White "Doluweera, Minul Sanjula"]
[Black "Kurukulasuriya, Prasanna"]
[Result "1/2-1/2"]
[WhiteElo "2042"]
[BlackElo "2084"]
[PlyCount "63"]
[EventDate "2015.07.04"]
[EventRounds "13"]
[EventCountry "SRI"]

1. c4 g6 2. Nc3 Bg7 3. d4 d6 4. Nf3 Nf6 5. e3 O-O 6. Be2 Nbd7 7. O-O e5 8. b4
Re8 9. a4 Nf8 10. a5 a6 11. b5 e4 12. Nd2 h5 13. bxa6 bxa6 14. Ba3 N8h7 15. c5
d5 16. c6 Bh6 17. Nb3 Ng4 18. Qe1 Re6 19. Nc5 Rxc6 20. Bd1 Bf8 21. f3 exf3 22.
Bxf3 Nhf6 23. h3 Nh6 24. e4 Be6 25. Nxe6 Rxe6 26. Bxf8 Qxf8 27. e5 c6 28. Qd2
Nd7 29. Nxd5 cxd5 30. Bxd5 Rae8 31. Bxe6 Rxe6 32. Rac1 1/2-1/2

[Event "National Chess Championship 2015"]
[Site "SLIIT,Malambe"]
[Date "2015.07.11"]
[Round "9"]
[Board "1"]
[White "Kurukulasuriya, Prasanna"]
[Black "Galappaththi, Chinthaka Anurud"]
[Result "1/2-1/2"]
[WhiteElo "2084"]
[BlackElo "2098"]
[PlyCount "77"]
[EventDate "2015.07.04"]
[EventRounds "13"]
[EventCountry "SRI"]

1. c4 e6 2. d4 f5 3. g3 Nf6 4. Bg2 Be7 5. Nf3 O-O 6. O-O d6 7. Nc3 c6 8. Qc2 d5
9. b3 Qe8 10. Ne5 Bd6 11. e3 Nbd7 12. f4 Ne4 13. Bd2 Ndf6 14. Nxe4 fxe4 15. Qd1
b6 16. Rf2 Bb7 17. Bf1 Rc8 18. b4 c5 19. bxc5 bxc5 20. Bc3 Qe7 21. h3 Rfd8 22.
Qa4 dxc4 23. Bxc4 Nd5 24. Bxd5 Bxd5 25. Rb1 Rb8 26. Rbb2 Rxb2 27. Rxb2 Rc8 28.
Qd7 Qxd7 29. Nxd7 cxd4 30. Bxd4 h6 31. Ne5 a5 32. g4 Bb4 33. Kf2 Rc1 34. g5
hxg5 35. fxg5 Rd1 36. a3 Rd2+ 37. Kg3 Rxb2 38. Bxb2 Bd6 39. Kg4 1/2-1/2

[Event "National Chess Championship 2015"]
[Site "SLIIT,Malambe"]
[Date "2015.07.11"]
[Round "9"]
[Board "2"]
[White "Naotunna, Dineth Nimnaka"]
[Black "Doluweera, Minul Sanjula"]
[Result "1-0"]
[WhiteElo "1930"]
[BlackElo "2042"]
[PlyCount "101"]
[EventDate "2015.07.04"]
[EventRounds "13"]
[EventCountry "SRI"]

1. d4 Nf6 2. Bf4 d5 3. e3 c5 4. Nc3 cxd4 5. exd4 a6 6. Nf3 Bf5 7. Bd3 Bxd3 8.
Qxd3 Nc6 9. O-O e6 10. Ne5 Bd6 11. Rfe1 h6 12. Qh3 Bxe5 13. dxe5 Nd7 14. Rad1
Nf8 15. Ne4 Ng6 16. Nd6+ Kf8 17. Qf3 Ngxe5 18. Bxe5 Nxe5 19. Qa3 Nc6 20. Rxd5
exd5 21. Nxb7+ Qe7 22. Rxe7 Nxe7 23. Qd6 h5 24. Nc5 Rh6 25. Qe5 Rd8 26. h3 Rc6
27. b4 g6 28. c3 d4 29. cxd4 Rd5 30. Qb8+ Kg7 31. Qb7 Kf6 32. Ne4+ Ke6 33. Nc5+
Kf6 34. Qb8 Kg7 35. Qe8 Rc7 36. Nxa6 Rc1+ 37. Kh2 Nf5 38. Nc5 Nxd4 39. Qe4 Rd8
40. Qe5+ Kh7 41. Qg5 Nf3+ 42. gxf3 Rdd1 43. Qg2 Rc2 44. f4 Rxa2 45. f5 gxf5 46.
Qf3 Rdd2 47. Qxf5+ Kg7 48. Kg2 Rdb2 49. Ne4 Rxb4 50. Qg5+ Kf8 51. Qc5+ 1-0

[Event "National Chess Championship 2015"]
[Site "SLIIT,Malambe"]
[Date "2015.07.11"]
[Round "9"]
[Board "3"]
[White "Piyumantha, M Sasith Nipun"]
[Black "Weerawardane, Romesh"]
[Result "0-1"]
[WhiteElo "1928"]
[BlackElo "2110"]
[PlyCount "94"]
[EventDate "2015.07.04"]
[EventRounds "13"]
[EventCountry "SRI"]

1. d4 f5 2. c4 e6 3. Nc3 Nf6 4. Nf3 d5 5. Bf4 c6 6. e3 Be7 7. Qc2 O-O 8. Bd3
Ne4 9. g4 Kh8 10. gxf5 exf5 11. cxd5 cxd5 12. Qb3 Nxc3 13. bxc3 Nc6 14. Qc2 Be6
15. Ne5 Rc8 16. Nxc6 Rxc6 17. Qb3 Qa5 18. O-O b6 19. Qb5 Qxb5 20. Bxb5 Rxc3 21.
Rfc1 Rfc8 22. Rxc3 Rxc3 23. a4 a5 24. Kf1 Kg8 25. Ra2 g5 26. Be5 Bb4 27. Ke2
Rc1 28. Kf3 Rc3 29. Ke2 h6 30. Kd1 Be7 31. Rc2 Rxc2 32. Kxc2 Bd8 33. Kd3 Kf7
34. Ke2 Ke7 35. Kf3 h5 36. Bd3 Bd7 37. Bc2 h4 38. Ke2 b5 39. axb5 Bxb5+ 40. Kd2
Ke6 41. Kc3 g4 42. Bd1 Be7 43. e4 Bb4+ 44. Kb2 Be1 45. exd5+ Kxd5 46. Bc2 Bxf2
47. Kc3 a4 0-1

[Event "National Chess Championship 2015"]
[Site "SLIIT,Malambe"]
[Date "2015.07.11"]
[Round "9"]
[Board "4"]
[White "De Silva, Elath Mathanga"]
[Black "Thilakarathne, G M H"]
[Result "1/2-1/2"]
[WhiteElo "1985"]
[BlackElo "1972"]
[PlyCount "132"]
[EventDate "2015.07.04"]
[EventRounds "13"]
[EventCountry "SRI"]

1. d4 Nf6 2. Bf4 e6 3. e3 c5 4. c3 b6 5. Nf3 Bb7 6. Nbd2 Be7 7. h3 O-O 8. Bd3
cxd4 9. exd4 d6 10. O-O Nbd7 11. Qb1 Re8 12. Ne4 Nxe4 13. Bxe4 Bxe4 14. Qxe4
Nf6 15. Qd3 d5 16. Ne5 Qc8 17. f3 Qb7 18. Bg5 Nd7 19. Nxd7 Bxg5 20. f4 Qxd7 21.
fxg5 e5 22. Qf5 Qxf5 23. Rxf5 exd4 24. cxd4 Rad8 25. Rc1 g6 26. Rf4 Rd7 27. Kf2
Kg7 28. h4 h6 29. gxh6+ Kxh6 30. Rc6 Ree7 31. g4 Rc7 32. Rxc7 Rxc7 33. Ke3 Kg7
34. Kd2 a6 35. g5 Rc6 36. Rf1 Re6 37. Kd3 a5 38. Rc1 Re4 39. Rc6 Rxh4 40. Rxb6
Rg4 41. Rb5 Rxg5 42. Rxa5 Rf5 43. b4 g5 44. Rc5 g4 45. Rc1 g3 46. Rg1 Rf3+ 47.
Kc2 f5 48. b5 f4 49. b6 Re3 50. b7 Re8 51. Kd2 Rb8 52. Rb1 f3 53. Ke3 f2 54.
Kf3 f1=Q+ 55. Rxf1 Rxb7 56. Kxg3 Rb4 57. Rd1 Rb2 58. a4 Ra2 59. Kf4 Kf6 60. Rb1
Rf2+ 61. Ke3 Ra2 62. Rb5 Rxa4 63. Rxd5 Ke6 64. Rh5 Ra1 65. Ke4 Re1+ 66. Kd3 Kd6
 1/2-1/2

[Event "National Chess Championship 2015"]
[Site "SLIIT,Malambe"]
[Date "2015.07.11"]
[Round "9"]
[Board "5"]
[White "Alahakoon, Isuru"]
[Black "Edirisinghe, Dulan"]
[Result "0-1"]
[WhiteElo "2054"]
[BlackElo "2051"]
[PlyCount "116"]
[EventDate "2015.07.04"]
[EventRounds "13"]
[EventCountry "SRI"]

1. e4 e6 2. d4 d5 3. e5 c5 4. c3 Nc6 5. Nf3 Qb6 6. Bd3 cxd4 7. cxd4 Bd7 8. O-O
Nxd4 9. Nbd2 f5 10. exf6 Nxf6 11. Nxd4 Qxd4 12. Nc4 Qh4 13. Ne5 Bd6 14. f4 O-O
15. Rf3 Bxe5 16. fxe5 Ng4 17. Rh3 Qf2+ 18. Kh1 g6 19. Bd2 Qd4 20. Be1 Nxe5 21.
Bc3 Qf4 22. Be2 Rf5 23. Qe1 Raf8 24. Rd1 Ng4 25. Bf3 Qe3 26. Qxe3 Nxe3 27. Re1
d4 28. Bxd4 Nc2 29. Rd1 Nxd4 30. Rxd4 Bc6 31. Rd1 e5 32. Be2 Rf2 33. Bc4+ Kg7
34. Rg3 Bd5 35. Bb5 Bc6 36. Bc4 Rxb2 37. h4 Rff2 38. Bd5 Rbd2 39. Rxd2 Rxd2 40.
Bxc6 bxc6 41. Rc3 Rxa2 42. Rxc6 h5 43. Kh2 Kf7 44. Kg3 a5 45. Kf3 a4 46. g3 a3
47. Ke4 Ra1 48. Rc7+ Ke6 49. Rc6+ Kd7 50. Ra6 a2 51. Kxe5 Re1+ 52. Kf6 a1=Q+
53. Rxa1 Rxa1 54. Kxg6 Rg1 55. Kxh5 Rxg3 56. Kh6 Ke7 57. h5 Kf7 58. Kh7 Rh3 0-1

[Event "National Chess Championship 2015"]
[Site "SLIIT,Malambe"]
[Date "2015.07.11"]
[Round "9"]
[Board "6"]
[White "Subasinghe, K R V R"]
[Black "Peiris, T S S"]
[Result "0-1"]
[WhiteElo "1874"]
[BlackElo "2022"]
[PlyCount "216"]
[EventDate "2015.07.04"]
[EventRounds "13"]
[EventCountry "SRI"]

1. e4 e5 2. Nf3 Nc6 3. Bc4 Nf6 4. d3 h6 5. c3 d6 6. Bb3 Na5 7. Bc2 c5 8. Be3
Be7 9. h3 Bd7 10. Nbd2 b5 11. O-O O-O 12. Rc1 Re8 13. Re1 Bf8 14. d4 Qc7 15. b4
cxb4 16. cxb4 Nc6 17. Bd3 Qb8 18. Qb3 a5 19. bxa5 Nxa5 20. Qb2 Nh5 21. Rb1 b4
22. Qxb4 Qxb4 23. Rxb4 d5 24. Rbb1 exd4 25. Nxd4 Nc6 26. Bb5 Ne5 27. exd5 Rxa2
28. Bxd7 Nxd7 29. Nc4 Bc5 30. Nc6 Bxe3 31. Rxe3 Rxe3 32. Nxe3 Nhf6 33. Rc1 g6
34. Nb4 Rd2 35. Kf1 Kf8 36. Rc8+ Kg7 37. Rc2 Rd4 38. Nc6 Ra4 39. Ke2 Ra3 40.
Rb2 Ne4 41. f3 Nec5 42. Nc4 Rc3 43. N4e5 Nxe5 44. Nxe5 Kf6 45. Ng4+ Kg7 46. Rd2
Nd7 47. Ne3 Kf6 48. Ng4+ Kg7 49. Nf2 f5 50. Ra2 Rc5 51. Rd2 Kf6 52. f4 Ke7 53.
Nd1 Kd6 54. Ne3 Nb6 55. Ra2 Rb5 56. Ra7 Rb2+ 57. Kf3 Rb3 58. Rg7 Nxd5 59. Rxg6+
Ke7 60. Rxh6 Rxe3+ 61. Kf2 Ra3 62. g4 fxg4 63. hxg4 Nxf4 64. Rb6 Nd5 65. Rh6
Nf6 66. Rh4 Ne4+ 67. Kg2 Kf6 68. Rh8 Rg3+ 69. Kf1 Rxg4 70. Ke2 Ng5 71. Ke3 Rg3+
72. Kf4 Rg1 73. Rh6+ Kg7 74. Ra6 Nf7 75. Rb6 Rf1+ 76. Ke4 Ng5+ 77. Ke5 Nh7 78.
Ra6 Nf6 79. Ra2 Kg6 80. Rg2+ Kf7 81. Ra2 Ke7 82. Ra3 Rb1 83. Ra6 Nd7+ 84. Kf5
Rf1+ 85. Kg5 Nc5 86. Ra2 Ne4+ 87. Kg4 Ke6 88. Ra6+ Nd6 89. Ra5 Nc4 90. Ra6+ Kd5
91. Ra8 Ke4 92. Kg5 Rf5+ 93. Kg6 Ne5+ 94. Kg7 Rf7+ 95. Kg8 Rb7 96. Ra1 Ng4 97.
Rf1 Nh6+ 98. Kf8 Nf5 99. Re1+ Kf4 100. Ke8 Nd6+ 101. Kd8 Ne4 102. Kc8 Rh7 103.
Rd1 Ke5 104. Rd7 Rh5 105. Kc7 Rh6 106. Rd1 Nc3 107. Rd2 Nd5+ 108. Kd7 Rd6+ 0-1

[Event "National Chess Championship 2015"]
[Site "SLIIT,Malambe"]
[Date "2015.07.11"]
[Round "9"]
[Board "7"]
[White "Priyankara, Chamil"]
[Black "Herath, H M A K"]
[Result "1-0"]
[WhiteElo "2018"]
[BlackElo "2014"]
[PlyCount "115"]
[EventDate "2015.07.04"]
[EventRounds "13"]
[EventCountry "SRI"]

1. e4 c5 2. Nf3 d6 3. g3 Nf6 4. d3 g6 5. Bg2 Bg7 6. O-O Nc6 7. Re1 O-O 8. c3
Qc7 9. Nbd2 b5 10. d4 e5 11. d5 Ne7 12. a4 bxa4 13. Qxa4 Bd7 14. Qa5 Qxa5 15.
Rxa5 Rfb8 16. Bf1 Ne8 17. Nc4 Nc8 18. Be3 Nb6 19. Nfd2 Nxc4 20. Nxc4 Bb5 21.
Rea1 Bxc4 22. Bxc4 Rxb2 23. Rxa7 Rxa7 24. Rxa7 Rb8 25. Kg2 Rd8 26. g4 h6 27.
Bb5 g5 28. c4 Nf6 29. Kf3 Bf8 30. Bd2 Kg7 31. Ba5 Rc8 32. h3 Kg8 33. Ke3 Kg7
34. f3 h5 35. Kd3 hxg4 36. hxg4 Kg6 37. Bc7 Ne8 38. Bb6 Kf6 39. Kc3 Be7 40. Ra2
Bd8 41. Bd7 Rb8 42. Ba7 Rb1 43. Bxe8 Ke7 44. Bc6 Rf1 45. Bb8 Rxf3+ 46. Kb2 Rf2+
47. Kb3 Rf3+ 48. Ka4 Rc3 49. Rb2 Rxc4+ 50. Ka3 Rxe4 51. Rb7+ Kf6 52. Bxd6 Rxg4
53. Bxc5 Rg3+ 54. Kb4 e4 55. Rd7 e3 56. Rxd8 e2 57. Re8 Rg2 58. d6 1-0

[Event "National Chess Championship 2015"]
[Site "SLIIT,Malambe"]
[Date "2015.07.11"]
[Round "10"]
[Board "1"]
[White "Galappaththi, Chinthaka Anurud"]
[Black "Herath, H M A K"]
[Result "1-0"]
[WhiteElo "2098"]
[BlackElo "2014"]
[PlyCount "113"]
[EventDate "2015.07.04"]
[EventRounds "13"]
[EventCountry "SRI"]

1. Nf3 d5 2. d4 e6 3. e3 c5 4. c3 Nc6 5. Bd3 Nf6 6. Nbd2 Bd6 7. O-O O-O 8. Qe2
e5 9. dxc5 Bxc5 10. e4 Re8 11. exd5 Nxd5 12. Ne4 Qe7 13. Bc4 Be6 14. Nfg5 Nf6
15. Nxe6 fxe6 16. Ng5 Kh8 17. Nxe6 h6 18. Nxc5 Qxc5 19. Be3 Qe7 20. Rad1 Rad8
21. h3 Rxd1 22. Rxd1 Rd8 23. Bb5 Rd5 24. Bc4 Rxd1+ 25. Qxd1 Qd7 26. Qxd7 Nxd7
27. Bd5 a6 28. Kf1 g5 29. Ke2 Kg7 30. Be6 Ncb8 31. Kd3 Kf6 32. Bg4 Ke7 33. Ke4
Nc6 34. Kf5 Kf7 35. Bh5+ Kg7 36. Ke6 Nf8+ 37. Kd6 Kf6 38. Kc7 Na5 39. Be2 Ne6+
40. Kb6 Nc6 41. Kxb7 Ncd8+ 42. Kxa6 Ke7 43. Kb5 Kd6 44. b4 e4 45. g3 Nb7 46. a4
Kc7 47. Kc4 Kd6 48. a5 Nc7 49. Kd4 Kc6 50. c4 Nd6 51. b5+ Kb7 52. Ke5 Nf7+ 53.
Kxe4 Nd6+ 54. Ke5 Nde8 55. c5 Kb8 56. b6 Na8 57. Bd4 1-0

[Event "National Chess Championship 2015"]
[Site "SLIIT,Malambe"]
[Date "2015.07.11"]
[Round "10"]
[Board "2"]
[White "Peiris, T S S"]
[Black "Priyankara, Chamil"]
[Result "0-1"]
[WhiteElo "2022"]
[BlackElo "2018"]
[PlyCount "64"]
[EventDate "2015.07.04"]
[EventRounds "13"]
[EventCountry "SRI"]

1. e4 c5 2. c3 d5 3. exd5 Nf6 4. d4 Nxd5 5. c4 Nf6 6. d5 b5 7. cxb5 Qxd5 8. Qa4
Nbd7 9. Be3 Nb6 10. Qc2 e5 11. Nc3 Qe6 12. a4 Nbd5 13. Nxd5 Nxd5 14. Nf3 Bb7
15. Rd1 Nxe3 16. fxe3 e4 17. Bc4 Qe7 18. Nd2 Qh4+ 19. g3 Qg5 20. Qb3 O-O-O 21.
O-O Rd3 22. Bxd3 Qxe3+ 23. Rf2 exd3 24. Nf3 c4 25. Qxc4+ Bc5 26. Qg4+ Kb8 27.
Rdd2 Bxf3 28. Qf4+ Qxf4 29. gxf4 Rd8 30. Kf1 Bxf2 31. Rxf2 Be2+ 32. Ke1 Bg4 0-1

[Event "National Chess Championship 2015"]
[Site "SLIIT,Malambe"]
[Date "2015.07.11"]
[Round "10"]
[Board "3"]
[White "Edirisinghe, Dulan"]
[Black "Subasinghe, K R V R"]
[Result "1-0"]
[WhiteElo "2051"]
[BlackElo "1874"]
[PlyCount "125"]
[EventDate "2015.07.04"]
[EventRounds "13"]
[EventCountry "SRI"]

1. Nf3 d5 2. c4 c6 3. b3 Nf6 4. Bb2 e6 5. e3 Bd6 6. d4 Ne4 7. Bd3 f5 8. O-O O-O
9. a4 Nd7 10. Ba3 Bxa3 11. Rxa3 Qe7 12. Ra2 Ng5 13. Nxg5 Qxg5 14. f4 Qe7 15.
Nd2 Nf6 16. Nf3 Bd7 17. Ne5 Rad8 18. c5 Bc8 19. b4 Nd7 20. Nf3 h6 21. b5 g5 22.
g3 g4 23. Ne1 Nf6 24. Rb2 Bd7 25. Bc2 Qe8 26. Qe2 h5 27. Ng2 Rb8 28. Rfb1 Qd8
29. Qe1 Rf7 30. Bd3 Be8 31. Nh4 Kg7 32. Qc3 Ng8 33. Bf1 Ne7 34. Qd2 Ng6 35.
Nxg6 Kxg6 36. h4 Kf6 37. a5 Rc8 38. Qc3 cxb5 39. Bxb5 Rcc7 40. Bd3 Bc6 41. a6
Qc8 42. Qa5 bxa6 43. Rb8 Qd7 44. Bxa6 Kg7 45. Qb4 Re7 46. Kf2 Re8 47. Ke2 Kf7
48. Kd2 Ke7 49. Kc3 Rd8 50. Qa3 Kf7 51. R1b4 Rxb8 52. Rxb8 Bb7 53. Qa5 Bxa6 54.
Qxa6 Kf6 55. Kb4 Kf7 56. Qb5 Qe7 57. Ka5 a6 58. Qb6 Qd7 59. Rh8 Kg7 60. Qb8 Qf7
61. Qe8 Qxe8 62. Rxe8 Rb7 63. c6 1-0

[Event "National Chess Championship 2015"]
[Site "SLIIT,Malambe"]
[Date "2015.07.11"]
[Round "10"]
[Board "4"]
[White "Thilakarathne, G M H"]
[Black "Alahakoon, Isuru"]
[Result "1-0"]
[WhiteElo "1972"]
[BlackElo "2054"]
[PlyCount "67"]
[EventDate "2015.07.04"]
[EventRounds "13"]
[EventCountry "SRI"]

1. e4 c5 2. Nf3 d6 3. d4 cxd4 4. Nxd4 Nf6 5. Nc3 a6 6. h3 h5 7. g3 e5 8. Nde2
Be7 9. Bg2 b5 10. Be3 Bb7 11. a4 b4 12. Nd5 Nxd5 13. exd5 Bg5 14. f4 exf4 15.
Nxf4 Qe7 16. Qd2 h4 17. O-O Nd7 18. Rae1 Ne5 19. Nd3 Bf6 20. Nxe5 Bxe5 21. Bf4
O-O 22. Qxb4 a5 23. Qd2 Ba6 24. Rf2 Bxf4 25. Rxf4 Qa7+ 26. Kh2 hxg3+ 27. Kxg3
Qb6 28. b3 Rae8 29. Kh2 Qc5 30. Rfe4 Rc8 31. c4 Rb8 32. R1e3 Bc8 33. Rg3 Qa3
34. Rxg7+ 1-0

[Event "National Chess Championship 2015"]
[Site "SLIIT,Malambe"]
[Date "2015.07.11"]
[Round "10"]
[Board "5"]
[White "Weerawardane, Romesh"]
[Black "De Silva, Elath Mathanga"]
[Result "1-0"]
[WhiteElo "2110"]
[BlackElo "1985"]
[PlyCount "105"]
[EventDate "2015.07.04"]
[EventRounds "13"]
[EventCountry "SRI"]

1. d4 Nf6 2. c4 g6 3. Nc3 c5 4. Nf3 Bg7 5. g3 O-O 6. Bg2 cxd4 7. Nxd4 Qc7 8.
Qd3 Nc6 9. Nxc6 bxc6 10. O-O Ba6 11. Bf4 e5 12. Bg5 h6 13. Bxf6 Bxf6 14. Qc2
Be7 15. Na4 d6 16. e4 Qa5 17. b3 Rac8 18. Rfd1 Rfd8 19. Qd2 Qxd2 20. Rxd2 Bg5
21. Rd3 f5 22. exf5 gxf5 23. Bh3 Be7 24. Bxf5 Rb8 25. Rdd1 Bc8 26. Bxc8 Rbxc8
27. Rac1 Kf7 28. Rc2 Ke6 29. f3 d5 30. c5 Rf8 31. Kg2 Rf7 32. Re2 Rcf8 33. Rde1
Bf6 34. Nb2 Bg7 35. Nd3 Rxf3 36. Nxe5 Bxe5 37. Rxe5+ Kd7 38. Re7+ Kc8 39. Re8+
Rxe8 40. Rxe8+ Kd7 41. Kxf3 Kxe8 42. Ke3 Ke7 43. Kd4 Kf6 44. b4 a6 45. a4 Ke6
46. g4 Kf6 47. h4 Ke6 48. g5 hxg5 49. hxg5 Kf5 50. b5 axb5 51. axb5 cxb5 52.
Kxd5 Kxg5 53. c6 1-0

[Event "National Chess Championship 2015"]
[Site "SLIIT,Malambe"]
[Date "2015.07.11"]
[Round "10"]
[Board "6"]
[White "Doluweera, Minul Sanjula"]
[Black "Piyumantha, M Sasith Nipun"]
[Result "1/2-1/2"]
[WhiteElo "2042"]
[BlackElo "1928"]
[PlyCount "64"]
[EventDate "2015.07.04"]
[EventRounds "13"]
[EventCountry "SRI"]

1. Nf3 c5 2. c4 g6 3. d4 cxd4 4. Nxd4 Nf6 5. Nc3 Bg7 6. e4 Nc6 7. Be2 d6 8. Be3
O-O 9. O-O Bd7 10. f3 Nxd4 11. Bxd4 a5 12. Qd2 Bc6 13. Rfc1 Nd7 14. Be3 Nc5 15.
Rab1 Qb6 16. b3 Rfc8 17. Bd1 Qb4 18. Nd5 Bxd5 19. cxd5 Na6 20. Be2 Qxd2 21.
Bxd2 Nb4 22. a4 Bd4+ 23. Kf1 Nc2 24. Bd3 Nb4 25. Bc4 Na2 26. Rc2 Nb4 27. Rcc1
Na2 28. Re1 Nb4 29. Re2 Nc2 30. Rc1 Na3 31. Ree1 Bb2 32. Bd3 Bxc1 1/2-1/2